| 000 | 00468nam a2200145 i 4500 | ||
|---|---|---|---|
| 001 | 70828 | ||
| 003 | ES-MaACL | ||
| 005 | 20230906170932.0 | ||
| 007 | t| | ||
| 008 | 040803s1912 sp ||||1| spa d | ||
| 100 | 1 |
_aGarrido Sánchez, Primo. _955728 |
|
| 245 | 1 | 0 |
_aMemoria sobre el concepto clínico de las neurosis gástricas / _ctesis doctoral por Primo Garrido Sánchez. |
| 260 |
_aMadrid : _b[s.n.], _c1912 ( _fImpr. de A. Pontones) |
||
| 852 |
_aES-MaACL _jT-1364-F-4 |
||
| 999 |
_c70828 _d70828 |
||